Role of artificial intelligence in eLearning (Record no. 356216)
[ view plain ]
| 000 -LEADER | |
|---|---|
| fixed length control field | 00380nam a2200133 4500 |
| 082 ## - DEWEY DECIMAL CLASSIFICATION NUMBER | |
| Classification number | MSITE-1 ASM |
| 100 ## - MAIN ENTRY--PERSONAL NAME | |
| Personal name | Asma Sharif Akhtar |
| 245 ## - TITLE STATEMENT | |
| Title | Role of artificial intelligence in eLearning |
| 260 ## - PUBLICATION, DISTRIBUTION, ETC. | |
| Place of publication, distribution, etc. | Islamabad |
| Name of publisher, distributor, etc. | NUST-SEECS |
| Date of publication, distribution, etc. | 2017 |
| 300 ## - PHYSICAL DESCRIPTION | |
| Extent | pv. |
| Accompanying material | CD Includes |
| 942 ## - ADDED ENTRY ELEMENTS (KOHA) | |
| Source of classification or shelving scheme | |
| Withdrawn status | Lost status | Source of classification or shelving scheme | Damaged status | Not for loan | Collection code | Permanent Location | Current Location | Shelving location | Date acquired | Source of acquisition | Total Checkouts | Full call number | Barcode | Date last seen | Price effective from | Koha item type |
|---|---|---|---|---|---|---|---|---|---|---|---|---|---|---|---|---|
| Central Library (CL) | Central Library (CL) | General Stacks | 03/02/2018 | NUST-SEECS | MSITE-1 ASM | SEECSP02297 | 03/02/2018 | 03/02/2018 | Project Report |
